000 00703nam a2200229 i 4500
001 77903
003 ES-MaACL
005 20231218201511.0
007 t|
008 041115s1983 sp a ||||1|aspa d
020 _a84-320-3641-2
080 _a946.0"1931/39"
100 1 _aFormica, Mercedes,
_d1913-2002
_9155403
245 1 0 _aVisto y vivido, 1931-1937
_b: pequeña historia de ayer /
_cMercedes Formica.
250 _a2ª ed.
260 _aBarcelona :
_bPlaneta,
_c1983.
300 _a260 p. :
_bil. ;
_c20 cm.
500 _aÍndice.
651 4 _aEspaña-
_xHistoria-
_y1931-1939, II República-
_vRelatos personales.
_98290
852 _aES-MaACL
_jE-10374
999 _c77903
_d77903